|
|
|
|
| LEADER |
00000nab a2200000 a 4500 |
| 001 |
vtls000846223 |
| 003 |
SK-MaSNL |
| 005 |
20260319075333.0 |
| 008 |
160405c2003 xo 0 hun |
| 015 |
|
|
|a SNBRB2003/09-25871
|
| 035 |
|
|
|a CLN000197878
|
| 040 |
|
|
|a SNKBUCL
|b slo
|c SNKBUCL
|e AACR2
|
| 041 |
0 |
|
|a hun
|
| 044 |
|
|
|a xo
|c SK
|
| 080 |
|
|
|a 658.114.017.2/.3(437.6):336.5
|2 1997
|
| 080 |
|
|
|a 336.5(437.6)
|2 1997
|
| 100 |
1 |
|
|a Lőrincz, Adrián,
|d 1972-
|4 aut
|9 330033
|
| 245 |
1 |
0 |
|a Gyűjtsd a tőkét, ne siránkozz!
|c Lőrincz Adrián
|
| 300 |
|
|
|b Fotogr.
|
| 500 |
|
|
|a Obsahuje viac článkov
|
| 650 |
0 |
7 |
|a podnikanie malé
|x podnikanie stredné
|z Slovensko
|x podpora
|2 snkbucl
|9 839454
|
| 650 |
0 |
7 |
|a stredné podnikanie
|2 snkbucl
|9 1773
|
| 655 |
|
7 |
|a články z novín a časopisov
|2 snkbucl
|9 267496
|
| 773 |
0 |
|
|t Vasárnap
|g Roč. 36, č. 34 (2003), s. 9-13
|
| 850 |
|
|
|a Slovenská národná knižnica v Martine
|
| 852 |
|
|
|a SNK
|b KIS3GCP
|
| 958 |
|
|
|a HU
|
| 958 |
|
|
|a SK
|
| 958 |
|
|
|a RBX
|
| 999 |
|
|
|c 1387828
|d 1389758
|